ბათუმის შოთა რუსთაველის სახელმწიფო უნივერსიტეტის ბიბლიოთეკა

დრამები:ჰერერთის გმირები, სპარტაკ,ლატავრა, ბერდო ზმანია. უგვირგვინო მეფენი, როდამ (ბიბ.ჩანაწერი № 48259)

000 -LEADER
fixed length control field 00823nam a2200193Ia 4500
001 - CONTROL NUMBER
control field 15143
003 - CONTROL NUMBER IDENTIFIER
control field GE_BSU
008 - FIXED-LENGTH DATA ELEMENTS--GENERAL INFORMATION
fixed length control field 181216s||||||||xx |||||||||||||| ||und||
040 ## - CATALOGING SOURCE
Transcribing agency GE_BSU
080 ## - UNIVERSAL DECIMAL CLASSIFICATION NUMBER
Universal Decimal Classification number 821.353.1-2
100 ## - MAIN ENTRY--PERSONAL NAME
Personal name შანშიაშვილი,სანდრო
245 ## - TITLE STATEMENT
Title დრამები:ჰერერთის გმირები, სპარტაკ,ლატავრა, ბერდო ზმანია. უგვირგვინო მეფენი, როდამ
260 ## - PUBLICATION, DISTRIBUTION, ETC.
Place of publication, distribution, etc. ტფილისი
260 ## - PUBLICATION, DISTRIBUTION, ETC.
Name of publisher, distributor, etc. სახელგამი
260 ## - PUBLICATION, DISTRIBUTION, ETC.
Date of publication, distribution, etc. 1926
300 ## - PHYSICAL DESCRIPTION
Extent 421გვ.20სმ.
653 ## - INDEX TERM--UNCONTROLLED
Uncontrolled term დრამები:ჰერერთის გმირები, სპარტაკ,ლატავრა, ბერდო ზმანია
942 ## - ADDED ENTRY ELEMENTS (KOHA)
Koha item type წიგნი
ეგზემპლარები
Withdrawn status Lost status Damaged status Not for loan Date acquired Barcode Date last seen Price effective from Koha item type
        2018-12-17 38154 2018-12-17 2018-12-17 წიგნი